Η λατινοκρατία στον Ελλαδικό χώρο και στην Κύπρο βιβλιογραφική συμβολή

Αποθηκεύτηκε σε:
Λεπτομέρειες βιβλιογραφικής εγγραφής
Κύριος συγγραφέας: Πέρρα, Φωτεινή Β., 1978-
Μορφή: Βιβλίο
Γλώσσα:French
Δημοσίευση: [Θεσσαλονίκη] : Αντ. Σταμούλη, [2006]
Θέματα:
Ετικέτες: Προσθήκη ετικέτας
Δεν υπάρχουν, Καταχωρήστε ετικέτα πρώτοι!

MARC

LEADER 00000cam a2200000 i 4500
001 1/76603
008 080304s2006 fre d
035 |l 10095228 
040 |a GR-MY-UA  |b gre  |e aacr 
041 0 |a fre 
082 0 |a 949.504  |2 (22) 
100 1 |a Πέρρα, Φωτεινή Β.,   |d 1978- 
245 1 2 |a Η λατινοκρατία στον Ελλαδικό χώρο και στην Κύπρο  |h [ανάτυπο] :  |b βιβλιογραφική συμβολή /  |c της Φωτεινής Β. Πέρρα 
260 |a [Θεσσαλονίκη] :   |b Αντ. Σταμούλη,   |c [2006] 
300 |a 60 σ.;  |c 24 εκ. 
500 |a ανάτυπο απο: Βυζαντινός Δομός, περιοδικό μεσαιωνικής ελληνικής ιστορίας και πολιτισμού, τόμος 15 (2006) 
504 |a Περιλαμβάνει βιβλιογραφίες 
651 0 |a Greece  |x History  |y 1453-1821. 
852 |a INST  |b RHODES  |e 20080304  |h 949.504 ΠΕΡ  |p 005400029771  |q 005400029771  |t BK  |y 0 
901 |a BIBL4-2008-1 
909 |a Ρ  |b 128455 
970 |a ΜΙΣΣΟΣ  |b ΣΤΑΥΡΟΣ  |z 2008/03/04